000 00473nam a2200169Ia 4500
008 090711s9999 xx 000 0 und d
082 _b43600
100 _aओशो रजनीश
245 _aप्रेम पुुष्प
260 _c1971
300 _a187
600 _aओशो रजनीश
630 _aप्रेम पुुष्प
700 _aओशो रजनीश
730 _aप्रेम पुुष्प
942 _cBOOK
999 _c285737
_d285737